• 首页
  • 本馆介绍
  • 公告通知
  • 最新文献
  • 馆藏检索
  • 电子资源
  • 读者导购
  • 参考咨询
  • 我的图书馆
  • 登录
  • 详细信息显示
  • 放入我的书架
  • 预约/预借图书
  • 作者相关作品
  • 分类相关作品
  • 丛书相关作品
  • 出版社相关作品

书目信息

  • 表格格式
  • 工作单格式
  • 卡片格式
题名:
飞天史话
    
 
作者: 刘宝善 著
分册:  
出版信息: 北京   中国民航出版社  2003
页数: 216页
开本: 23cm
丛书名:
单 册:
中图分类: V11-49
科图分类:
主题词: 航空、航天技术的研究与探索--发展--技术史--世界
电子资源:
ISBN: 7-80110-529-X
000 00736nam0 2200217 45
001 002569916
005 20050411093120.9
010    @a7-80110-529-X@dCNY25.00
100    @a20040203d2003 em y0chiy0110 ea
101 0  @achi
102    @aCN@b110000
105    @aa z 000yd
200 1  @a飞天史话@Afei tian shi hua@f刘宝善著@FLiu Bao Shan Zhu
210    @a北京@c中国民航出版社@d2003
215    @a216页@c图@d23cm
330    @a该书分“飞天神话”、“初次尝试”、“气球升空”、“飞机问世”、“空中大战”、“防护救生”等十一篇内容,叙述了人类征服天空的艰难的历程。
606 0  @a航空、航天技术的研究与探索@x发展@x技术史@y世界
690    @aV11-49@v4
701  0 @a刘宝善@4著
801  0 @aCN@bNLC@c20040401
905    @f5@b348312-316@dV11-49@e18
    
    飞天史话/刘宝善著.-北京:中国民航出版社,2003
    216页:图;23cm
    
    
    ISBN 7-80110-529-X:CNY25.00
    该书分“飞天神话”、“初次尝试”、“气球升空”、“飞机问世”、“空中大战”、“防护救生”等十一篇内容,叙述了人类征服天空的艰难的历程。
●
相关链接 在E读中查询图书 在五车中查询图书 在当当中查询图书 在豆瓣中查询图书


正题名:飞天史话     索取号:V11-49/18         预约/预借

序号 登录号 条形码 馆藏地/架位号 状态 备注
1 0348312   203483122   第二样本阅览室/ [索取号:V11-49/18] 在馆    
2 0348313   203483131   第三借阅区/ [索取号:V11-49/18] 在馆    
3 0348314   203483140   第三借阅区/ [索取号:V11-49/18] 在馆    
4 0348315   203483159   第三借阅区/ [索取号:V11-49/18] 在馆    
5 0348316   203483168   第三借阅区/ [索取号:V11-49/18] 在馆    
唐山师范学院图书馆 欢迎您!
大连网信软件有限公司© 版权所有